00665nam a2200205Ia 4500008004100000050001500041050001500056100003800071245011400109245003600223260003100259260001000290260001000300300001500310300002000325300001100345500005600356521002800412999001900440170504s9999 xx 000 0 und d aHF 5415.5  b.C112 2016 aCabalde, Claudine Rose Albaniel.  aFactors influencing customer loyalty at pink berries store as basis for the development of a marketing plan / cClaudine Rose Albaniel Cabalde. aLas Piñas, Philippines : bSISC, c2016. a60 pages : billustrations ; c28 cm. aIncludes bibliographical references and appendices. aBusiness Administration c329787d329787